| 000 | 00496nam a2200193Ia 4500 | ||
|---|---|---|---|
| 005 | 20240913125422.0 | ||
| 008 | 240913s9999||||xx |||||||||||||| ||und|| | ||
| 020 | _a0-262-56097-6 | ||
| 041 | _aENGLISH | ||
| 082 | _A001.4225028563 N6 | ||
| 100 | _aFayyad,Usama M Eds. | ||
| 245 | 0 | _aAdvances in Knowledge Discovery and Data Mining | |
| 250 | _a1st | ||
| 260 |
_c1996 _bAAAI,Menlo |
||
| 500 | _aREFERENCE | ||
| 650 |
_aKnowledge _bInformation Technology |
||
| 942 | _cREF | ||
| 999 |
_c245508 _d245508 |
||